000 00739nam a2200205Ia 4500
003 GCL
008 140319s9999 xx 000 0 ara d
040 _aGCL /
_cGCL
082 0 4 _a629.8
_bا ت
100 1 _aاحمد عبدالمتعال
245 1 0 _aاجهزة التحكم المبرمج PLC,S وتطبيقاتها العملية /
_cاحمد عبدالمتعال
260 _aالقاهرة :
_bدار النشر للجامعات المصرية ،
_c1994
300 _a263 ص ؛
_c24 سم
490 _aسلسلة التحكم العملية
_v2
650 0 4 _aالتحكم الالكترونى
650 0 4 _aالتحكم الالى
650 0 4 _aنظام التحكم
650 0 4 _aوحدات التحكم
942 _2ddc
_cBK
999 _c37318
_d37318